header

Selfhood, identity and personality styles (Record no. 49842)

MARC details
000 -LEADER
fixed length control field 01189nam a2200313Ia 4500
082 04 - DEWEY DECIMAL CLASSIFICATION NUMBER
Classification number 616.85/81
100 1# - MAIN ENTRY--AUTHOR NAME
Personal name Arciero, Giampiero.
245 10 - TITLE STATEMENT
Title Selfhood, identity and personality styles
260 ## - PUBLICATION, DISTRIBUTION, ETC. (IMPRINT)
Place of publication Chichester ;
-- Hoboken, NJ :
Name of publisher Wiley-Blackwell,
Year of publication c2009.
300 ## - PHYSICAL DESCRIPTION
Number of Pages ix, 267 p.
650 #0 - SUBJECT ADDED ENTRY--TOPICAL TERM
Topical Term Personality disorders.
Topical Term Personality.
700 1# - ADDED ENTRY--PERSONAL NAME
Personal name Bondolfi, Guido.
856 40 - ELECTRONIC LOCATION AND ACCESS
Uniform Resource Identifier http://site.ebrary.com/lib/rucke/Doc?id=10333030

No items available.

© 2026 Rongo University
Contact us: librarian | system librarian | Rongo university